Solving control engineering problems with MATLAB

Gorde:
Xehetasun bibliografikoak
Egile nagusia: Ogata, Katsuhiko
Formatua: Liburua
Hizkuntza:Undetermined
Argitaratua: Englewood Cliffs Prentice-Hall 1994
Gaiak:
Etiketak: Etiketa erantsi
Etiketarik gabe, Izan zaitez lehena erregistro honi etiketa jartzen!
Thư viện lưu trữ: Trung tâm Học liệu Trường Đại học Cần Thơ
LEADER 00544nam a2200193Ia 4500
001 CTU_127350
008 210402s9999 xx 000 0 und d
082 |a 629.80285 
082 |b O.34 
100 |a Ogata, Katsuhiko 
245 0 |a Solving control engineering problems with MATLAB 
245 0 |c Katsuhiko Ogata 
260 |a Englewood Cliffs 
260 |b Prentice-Hall 
260 |c 1994 
650 |a Automatic control,MATLAB 
650 |x Data processing 
904 |i Nguyên 
980 |a Trung tâm Học liệu Trường Đại học Cần Thơ